00761nam a2200193 a 450000100100000000500170001000800410002702000180006804000250008608200150011124500890012626000770021530000360029270000240032870000290035271000560038195201130043799900170055000003450720200930073735.0111005s2007 ko ac r 000 0 spa d a9788971992883 aDO-SdBNPbspacBNPHU axxxxbxxxx00aGyeongju :bA field guide to history /ctranslated by Lee Moon-ok, Nicholas Duverna. aKorea :bwritten by Korea Cultural and Historical Survey Society,c2007. a276 p. :bil., retrs. ;c22 cm.1 aMoon-ok, Lee9599551 aDuverna, Nicholas9599562 aKorea Cultural and Historical Survey Society959957 001050718MOaGRbGRcHDd2011-10-05iLF1l0oxxxx xxxxp34507-10r2020-06-25w2020-06-25y1ZNo se presta c33998d33998